000 01251cab a2200385 4500
001 ABS59075
008 090401t1998 xxu||||| |||| 00| 0 eng d
035 _a(Sirsi) u87429
041 _aeng
100 _aWhite, G.
245 _aNegotiations in the new age of consent
260 _c1998
350 _a0
490 _aProperty Week
_v63(11) 3 July 1998, 32-33(2)
520 _aReviews both the landlords` and tenants` positions on assignments having regard to the provisions of the Landlord and Tenant Act 1995 and, the Landlord and Tenant Act 1988.
650 _aABSOLUTE COVENANTS
650 _aASSIGNMENT
650 _aCONDITIONS
650 _aDELAYS
650 _aFOOTWEAR CORPORATION V AMPLIGHT PROPERTIES
650 _aLANDLORD AND TENANT (COVENANTS) ACT 1995
650 _aLANDLORD AND TENANT ACT 1988
650 _aNORWICH UNION LIFE ASSURANCE SOCIETY V SHOPMOOR LTD
650 _aORIGINAL TENANT
650 _aPROFITS TEST
650 _aQUALIFIED COVENANTS
650 _aREASONS IN WRITING
650 _aTENANTS LIABILITY
650 _aUNREASONABLENESS
650 _aVALUE OF REVERSION
690 _aLANDLORD AND TENANT-BUSINESS TENANCIES
700 _aVivian, J.
942 _n0
948 _c16/07/1998
999 _c55137
_d55137